<?xml version="1.0" encoding="UTF-8"?>
<record
    xmlns:xsi="http://www.w3.org/2001/XMLSchema-instance"
    xsi:schemaLocation="http://www.loc.gov/MARC21/slim http://www.loc.gov/standards/marcxml/schema/MARC21slim.xsd"
    xmlns="http://www.loc.gov/MARC21/slim">

  <leader>00780nam a22001577a 4500</leader>
  <controlfield tag="003">OSt</controlfield>
  <controlfield tag="005">20151007171242.0</controlfield>
  <controlfield tag="008">151007b        xxu||||| |||| 00| 0 eng d</controlfield>
  <datafield tag="040" ind1=" " ind2=" ">
    <subfield code="c">RUA</subfield>
  </datafield>
  <datafield tag="082" ind1=" " ind2=" ">
    <subfield code="a">AVM PHE 2008 B081 Or.1</subfield>
  </datafield>
  <datafield tag="100" ind1=" " ind2=" ">
    <subfield code="9">2326</subfield>
    <subfield code="a">PHEACH, PISEY.</subfield>
  </datafield>
  <datafield tag="245" ind1=" " ind2=" ">
    <subfield code="a">Effect of using dry leaf horseradish in feed ingredient on growth rate avian at dongkor phnom penh, &#x1794;&#x17D2;&#x179A;&#x179F;&#x17B7;&#x1791;&#x17D2;&#x1792;&#x1797;&#x17B6;&#x1796;&#x1793;&#x17C3;&#x1780;&#x17B6;&#x179A;&#x1794;&#x17D2;&#x179A;&#x17BE;&#x1794;&#x17D2;&#x179A;&#x17B6;&#x179F;&#x17CB;&#x179F;&#x17D2;&#x179B;&#x17B9;&#x1780;&#x1798;&#x17D2;&#x179A;&#x17C6;&#x1780;&#x17D2;&#x179A;&#x17C0;&#x1798;&#x1787;&#x17B6;&#x1785;&#x17C6;&#x178E;&#x17B8;&#x1795;&#x17D2;&#x179F;&#x17C6;&#x179B;&#x17BE;&#x1780;&#x17B6;&#x179A;&#x179B;&#x17BC;&#x178F;&#x179B;&#x17B6;&#x179F;&#x17CB;&#x179A;&#x1794;&#x179F;&#x17CB;&#x1798;&#x17B6;&#x1793;&#x17CB;&#x179F;&#x17B6;&#x1785;&#x17CB;AVIAN &#x1793;&#x17C5;&#x1780;&#x17D2;&#x1793;&#x17BB;&#x1784;&#x1781;&#x178E;&#x17D2;&#x178C;&#x178A;&#x1784;&#x17D2;&#x1780;&#x17C4; &#x179A;&#x17B6;&#x1787;&#x1792;&#x17B6;&#x1793;&#x17B8;&#x1797;&#x17D2;&#x1793;&#x17C6;&#x1796;&#x17C1;&#x1789;</subfield>
  </datafield>
  <datafield tag="260" ind1=" " ind2=" ">
    <subfield code="a">Phnom Penh</subfield>
    <subfield code="b">RUA</subfield>
    <subfield code="c">2008</subfield>
  </datafield>
  <datafield tag="300" ind1=" " ind2=" ">
    <subfield code="a">42p.</subfield>
    <subfield code="b">ill.</subfield>
    <subfield code="c">29cm.</subfield>
  </datafield>
  <datafield tag="942" ind1=" " ind2=" ">
    <subfield code="2">ddc</subfield>
    <subfield code="c">AVM</subfield>
  </datafield>
  <datafield tag="999" ind1=" " ind2=" ">
    <subfield code="c">2192</subfield>
    <subfield code="d">2192</subfield>
  </datafield>
  <datafield tag="952" ind1=" " ind2=" ">
    <subfield code="0">0</subfield>
    <subfield code="1">0</subfield>
    <subfield code="2">ddc</subfield>
    <subfield code="4">0</subfield>
    <subfield code="6">AVM_PHE_2008_000000000000000_B081_OR_1</subfield>
    <subfield code="7">0</subfield>
    <subfield code="9">9042</subfield>
    <subfield code="a">LBB</subfield>
    <subfield code="b">LBB</subfield>
    <subfield code="c">B081</subfield>
    <subfield code="d">2015-10-07</subfield>
    <subfield code="o">AVM PHE 2008 B081 Or.1</subfield>
    <subfield code="p">RUA007680</subfield>
    <subfield code="r">2015-10-07</subfield>
    <subfield code="w">2015-10-07</subfield>
    <subfield code="y">AVM</subfield>
  </datafield>
  <datafield tag="952" ind1=" " ind2=" ">
    <subfield code="0">0</subfield>
    <subfield code="1">0</subfield>
    <subfield code="2">ddc</subfield>
    <subfield code="4">0</subfield>
    <subfield code="6">AVM_PHE_2008_000000000000000_B081_OR_2</subfield>
    <subfield code="7">0</subfield>
    <subfield code="9">9043</subfield>
    <subfield code="a">LBB</subfield>
    <subfield code="b">LBB</subfield>
    <subfield code="c">B081</subfield>
    <subfield code="d">2015-10-07</subfield>
    <subfield code="o">AVM PHE 2008 B081 Or.2</subfield>
    <subfield code="p">RUA008688</subfield>
    <subfield code="r">2015-10-07</subfield>
    <subfield code="w">2015-10-07</subfield>
    <subfield code="y">AVM</subfield>
  </datafield>
  <datafield tag="952" ind1=" " ind2=" ">
    <subfield code="0">0</subfield>
    <subfield code="1">0</subfield>
    <subfield code="2">ddc</subfield>
    <subfield code="4">0</subfield>
    <subfield code="6">AVM_PHE_2008_000000000000000_B081_OR_3</subfield>
    <subfield code="7">0</subfield>
    <subfield code="9">9044</subfield>
    <subfield code="a">LBB</subfield>
    <subfield code="b">LBB</subfield>
    <subfield code="c">B081</subfield>
    <subfield code="d">2015-10-07</subfield>
    <subfield code="o">AVM PHE 2008 B081 Or.3</subfield>
    <subfield code="p">RUA008558</subfield>
    <subfield code="r">2015-10-07</subfield>
    <subfield code="w">2015-10-07</subfield>
    <subfield code="y">AVM</subfield>
  </datafield>
  <datafield tag="952" ind1=" " ind2=" ">
    <subfield code="0">0</subfield>
    <subfield code="1">0</subfield>
    <subfield code="2">ddc</subfield>
    <subfield code="4">0</subfield>
    <subfield code="6">AVM_PHE_2008_000000000000000_B081_OR_4</subfield>
    <subfield code="7">0</subfield>
    <subfield code="9">9045</subfield>
    <subfield code="a">LBB</subfield>
    <subfield code="b">LBB</subfield>
    <subfield code="c">B081</subfield>
    <subfield code="d">2015-10-07</subfield>
    <subfield code="l">2</subfield>
    <subfield code="o">AVM PHE 2008 B081 Or.4</subfield>
    <subfield code="p">RUA008472</subfield>
    <subfield code="r">2023-08-18</subfield>
    <subfield code="s">2023-08-07</subfield>
    <subfield code="w">2015-10-07</subfield>
    <subfield code="y">AVM</subfield>
  </datafield>
  <datafield tag="952" ind1=" " ind2=" ">
    <subfield code="0">0</subfield>
    <subfield code="1">0</subfield>
    <subfield code="2">ddc</subfield>
    <subfield code="4">0</subfield>
    <subfield code="6">AVM_PHE_2008_000000000000000_B081_OR_5</subfield>
    <subfield code="7">0</subfield>
    <subfield code="9">9046</subfield>
    <subfield code="a">LBB</subfield>
    <subfield code="b">LBB</subfield>
    <subfield code="c">B081</subfield>
    <subfield code="d">2015-10-07</subfield>
    <subfield code="o">AVM PHE 2008 B081 Or.5</subfield>
    <subfield code="p">RUA025475</subfield>
    <subfield code="r">2015-10-07</subfield>
    <subfield code="w">2015-10-07</subfield>
    <subfield code="y">AVM</subfield>
  </datafield>
  <datafield tag="952" ind1=" " ind2=" ">
    <subfield code="0">0</subfield>
    <subfield code="1">0</subfield>
    <subfield code="2">ddc</subfield>
    <subfield code="4">0</subfield>
    <subfield code="6">AVM_PHE_2008_000000000000000_B081_OR_6</subfield>
    <subfield code="7">0</subfield>
    <subfield code="9">9047</subfield>
    <subfield code="a">LBB</subfield>
    <subfield code="b">LBB</subfield>
    <subfield code="c">B081</subfield>
    <subfield code="d">2015-10-07</subfield>
    <subfield code="o">AVM PHE 2008 B081 Or.6</subfield>
    <subfield code="p">RUA025056</subfield>
    <subfield code="r">2017-07-25</subfield>
    <subfield code="w">2015-10-07</subfield>
    <subfield code="y">AVM</subfield>
  </datafield>
  <datafield tag="952" ind1=" " ind2=" ">
    <subfield code="0">0</subfield>
    <subfield code="1">0</subfield>
    <subfield code="2">ddc</subfield>
    <subfield code="4">0</subfield>
    <subfield code="6">AVM_PHE_2008_000000000000000_B081_OR_7</subfield>
    <subfield code="7">0</subfield>
    <subfield code="9">9048</subfield>
    <subfield code="a">LBB</subfield>
    <subfield code="b">LBB</subfield>
    <subfield code="c">B081</subfield>
    <subfield code="d">2015-10-07</subfield>
    <subfield code="l">1</subfield>
    <subfield code="o">AVM PHE 2008 B081 Or.7</subfield>
    <subfield code="p">RUA009576</subfield>
    <subfield code="r">2018-05-21</subfield>
    <subfield code="s">2018-04-27</subfield>
    <subfield code="w">2015-10-07</subfield>
    <subfield code="y">AVM</subfield>
  </datafield>
  <datafield tag="952" ind1=" " ind2=" ">
    <subfield code="0">0</subfield>
    <subfield code="1">0</subfield>
    <subfield code="2">ddc</subfield>
    <subfield code="4">0</subfield>
    <subfield code="6">AVM_PHE_2008_000000000000000_B081_OR_8</subfield>
    <subfield code="7">0</subfield>
    <subfield code="9">9049</subfield>
    <subfield code="a">LBB</subfield>
    <subfield code="b">LBB</subfield>
    <subfield code="c">B081</subfield>
    <subfield code="d">2015-10-07</subfield>
    <subfield code="l">1</subfield>
    <subfield code="o">AVM PHE 2008 B081 Or.8</subfield>
    <subfield code="p">RUA019070</subfield>
    <subfield code="r">2017-08-18</subfield>
    <subfield code="s">2017-08-02</subfield>
    <subfield code="w">2015-10-07</subfield>
    <subfield code="y">AVM</subfield>
  </datafield>
  <datafield tag="952" ind1=" " ind2=" ">
    <subfield code="0">0</subfield>
    <subfield code="1">0</subfield>
    <subfield code="2">ddc</subfield>
    <subfield code="4">0</subfield>
    <subfield code="6">AVM_PHE_2008_000000000000000_B081_OR_8</subfield>
    <subfield code="7">0</subfield>
    <subfield code="9">9050</subfield>
    <subfield code="a">LBB</subfield>
    <subfield code="b">LBB</subfield>
    <subfield code="c">B081</subfield>
    <subfield code="d">2015-10-07</subfield>
    <subfield code="o">AVM PHE 2008 B081 Or.8</subfield>
    <subfield code="p">RUA019649</subfield>
    <subfield code="r">2015-10-07</subfield>
    <subfield code="w">2015-10-07</subfield>
    <subfield code="y">AVM</subfield>
  </datafield>
</record>
